| 000 | 00586nam a22002057a 4500 | ||
|---|---|---|---|
| 005 | 20221027150251.0 | ||
| 008 | 140505b xxu||||| |||| 00| 0 eng d | ||
| 020 |
_a8183160646 _c995.00(set) |
||
| 040 | _aLoreto College | ||
| 082 |
_a158.7 _bCHA |
||
| 100 | _aChaube,S.P. | ||
| 245 |
_aABC of industrial psychology (Vol.2) _cS.P.Chaube |
||
| 260 |
_aHyderabad _bNeelkamal Publications _c2006 |
||
| 300 |
_axx,221-467p _b22cm |
||
| 504 | _aIncludes bibliographical references and index | ||
| 650 | _aPsychology | ||
| 650 | _aIndustrial psychology | ||
| 850 | _aLCLIB | ||
| 942 | _cBK | ||
| 999 |
_c39199 _d89678 |
||